000 00677nam a22002171a 4500
001 20808
003 BD-RjUL
005 20211209000620.0
008 140302r19491948enk b 1 0 eng d
035 _a(BD-RjUL)20870
040 _aNUN
_beng
_cNUN
_dXNTU
_dBD-RjUL
041 _aeng
082 0 4 _a840.9
_bSTL 1949
100 1 _aStrachey, Lytton,
_d1880-1932.
_964260
245 1 0 _aLandmarks in French literature /
_cLytton Strachey.
260 _aLondon :
_bChatto and Windus,
_c1948 [reprinted 1949].
300 _a159 p. ;
_c20 cm.
504 _aIncludes bibliographical references and index.
650 0 _aFrench literature
_xHistory and criticism.
_964261
942 _2ddc
_cBK
999 _c20808
_d20808